VLSI design techniques for analog and digital circuits / (Record no. 182498)
[ view plain ]
| 000 -LEADER | |
|---|---|
| fixed length control field | 01093 a2200229 4500 |
| 003 - CONTROL NUMBER IDENTIFIER | |
| control field | Nust |
| 005 - DATE AND TIME OF LATEST TRANSACTION | |
| control field | 20230217115337.0 |
| 010 ## - LIBRARY OF CONGRESS CONTROL NUMBER | |
| LC control number | 88037737 |
| 020 ## - INTERNATIONAL STANDARD BOOK NUMBER | |
| International Standard Book Number | 0070232539 |
| 040 ## - CATALOGING SOURCE | |
| Transcribing agency | Nust |
| 082 00 - DEWEY DECIMAL CLASSIFICATION NUMBER | |
| Classification number | 621.38173,GEI |
| 100 1# - MAIN ENTRY--PERSONAL NAME | |
| Personal name | Geiger, Randall L. |
| 9 (RLIN) | 109202 |
| 245 10 - TITLE STATEMENT | |
| Title | VLSI design techniques for analog and digital circuits / |
| Statement of responsibility, etc. | Randall L. Geiger, Phillip E. Allen, Noel R. Strader. |
| 260 ## - PUBLICATION, DISTRIBUTION, ETC. | |
| Place of publication, distribution, etc. | New York : |
| Name of publisher, distributor, etc. | McGraw-Hill Pub. Co., |
| Date of publication, distribution, etc. | c1990. |
| 300 ## - PHYSICAL DESCRIPTION | |
| Extent | xv, 969 p., [10] p. of plates : |
| Other physical details | ill. (some col.) ; |
| Dimensions | 25 cm. |
| 440 #0 - SERIES STATEMENT/ADDED ENTRY--TITLE | |
| Title | McGraw-Hill series in electrical engineering |
| 9 (RLIN) | 20188 |
| 505 ## - FORMATTED CONTENTS NOTE | |
| Formatted contents note | Practical Considerations (Page-1), Technology (Page-32), Device Modeling (Page-132), Circuit Simulation (Page-237), Basic Integrated Circuit Building Blocks (Page-287), Amplifiers (Page-378), Digital Circuits (Page-525), Analog Systems (Page-612), Structured Digital Circuits and Systems (Page-778), Design Automation and Verification (Page-872). |
| 650 #0 - SUBJECT ADDED ENTRY--TOPICAL TERM | |
| Topical term or geographic name entry element | Telecommunication Engineering. |
| 700 1# - ADDED ENTRY--PERSONAL NAME | |
| Personal name | Allen, P. E. |
| 9 (RLIN) | 97159 |
| 700 1# - ADDED ENTRY--PERSONAL NAME | |
| Personal name | Strader, Noel R. |
| 9 (RLIN) | 109203 |
| 942 ## - ADDED ENTRY ELEMENTS (KOHA) | |
| Source of classification or shelving scheme | |
| Koha item type | Book |
| Withdrawn status | Lost status | Source of classification or shelving scheme | Damaged status | Not for loan | Permanent Location | Current Location | Shelving location | Date acquired | Full call number | Barcode | Date last seen | Price effective from | Koha item type | Public note |
|---|---|---|---|---|---|---|---|---|---|---|---|---|---|---|
| Military College of Signals (MCS) | Military College of Signals (MCS) | General Stacks | 12/12/2016 | 621.38173,GEI | MCS5010 | 12/08/2016 | 12/12/2016 | Book | Almirah No.71, Shelf No.3 |
